Las compras (Registro nro. 2756)
[ vista simple ]
| 000 -LEADER | |
|---|---|
| fixed length control field | 01467 a2200205 4500 |
| 001 - CONTROL NUMBER | |
| control field | 37439 |
| 005 - DATE AND TIME OF LATEST TRANSACTION | |
| control field | 20260407155642.0 |
| 008 - FIXED-LENGTH DATA ELEMENTS--GENERAL INFORMATION | |
| fixed length control field | 260407a1962 arg spa d |
| 003 - CONTROL NUMBER IDENTIFIER | |
| control field | AR-UNSa-BCEJYS |
| 040 ## - CATALOGING SOURCE | |
| Original cataloging agency | AR-UNSa-BCEJYS |
| Language of cataloging | spa |
| Transcribing agency | AR-UNSa-BCEJYS |
| 080 ## - UNIVERSAL DECIMAL CLASSIFICATION NUMBER | |
| Universal Decimal Classification number | 658.7 |
| Common auxiliary subdivision | Compras. Aprovisionamiento. Gestión de existencias |
| 100 1# - MAIN ENTRY--PERSONAL NAME | |
| Personal name | Heinritz, Stuart F. |
| 245 10 - TITLE STATEMENT | |
| Title | Las compras |
| Name of part/section of a work | principios y aplicaciones |
| 264 #1 - PRODUCTION, PUBLICATION, DISTRIBUTION, MANUFACTURE, AND COPYRIGHT NOTICE | |
| Place of production, publication, distribution, manufacture | Barcelona : |
| Name of producer, publisher, distributor, manufacturer | Omega |
| Date of production, publication, distribution, manufacture, or copyright notice | 1962 |
| 300 ## - PHYSICAL DESCRIPTION | |
| Extent | 574 p. |
| Dimensions | 22 cm. |
| 505 ## - FORMATTED CONTENTS NOTE | |
| Formatted contents note | 1. La función compradora - 2. La compra y la dirección - 3. Organización de las compras - 4. La compra de la calidad requerida - 5. Sistematización - 6. Inspección del control de calidad - 7. La compra de la cantidad correcta - 8. Compras anticipadas - 9. Control de almacenes - 10. Las compras al precio correcto - 11. Selección de la fuente correcta - 12. Análisis del valor - 13. Fabricar o comprar - 14. Compra del equipo principal - 15. Procedimiento de compras - 16. Procedimiento de datos integrados - 17. Políticas de compras - 18. La ética en las compras - 19. Aspectos legales de la compra - 20. Cancelación del contrato - 21. Disposición de los excedenes, salvamentos y desperdicios - 22. La indignación en las compras - 23. Personal de compras - 24. Presupuestos de compras - 25. Evaluación de la activación de compras - 26. Estudio de casos sobre compras. |
| 590 ## - LOCAL NOTE (RLIN) | |
| Local note | niveau_biblio:m niveau_hierar:0 |
| 700 1# - ADDED ENTRY--PERSONAL NAME | |
| Personal name | Scholz, Manuel |
| 942 ## - ADDED ENTRY ELEMENTS (KOHA) | |
| Koha item type | |
| Withdrawn status | Lost status | Damaged status | Not for loan | Home library | Current library | Shelving location | Date acquired | Total checkouts | Full call number | Barcode | Date last seen | Price effective from | Koha item type |
|---|---|---|---|---|---|---|---|---|---|---|---|---|---|
| Biblioteca Prof. Eusebio Cleto del Rey | Biblioteca Prof. Eusebio Cleto del Rey | 07/04/2026 | 658.7 H469 | L12284 | 07/04/2026 | 07/04/2026 | Libro |